| 000 | 00799 a2200229 4500 | ||
|---|---|---|---|
| 005 | 20250715122853.0 | ||
| 020 | _a9781506386621 | ||
| 050 |
_aH62 _bCRE 2018 |
||
| 100 |
_aCreswell, John W. _eauthor |
||
| 245 |
_aDesigning and Conducting Mixed Methods Research / _cJohn W.Creswell and Vicki.L.Plano Clark |
||
| 250 | _aThird edition | ||
| 264 |
_aLos Angeles : _bSage Publications, _c2018 |
||
| 300 |
_axxvii, 492 pages : _billustrations |
||
| 336 |
_2rdacontent _atext _btxt |
||
| 337 |
_2rdamedia _aunmediated _bn |
||
| 338 |
_2rdacarrier _avolume _bnc |
||
| 504 | _aIncludes bibliographical references and index | ||
| 650 |
_aSocial sciences -- Research _xMethodology |
||
| 650 |
_aResearch _xEvaluation |
||
| 700 |
_aPlano Clark, Vicki L. _eauthor |
||
| 942 |
_2lcc _cBK _eThird edition _h62 _iCRE _kH |
||
| 999 |
_c11588 _d11588 |
||